000 00603nam a2200217 a 4500
001 17671
003 CO-ViMGA
008 141112s2004 ck r 000 u spa d
020 _a9580433917
040 _aCO-ViMGA
_bspa
_cCO-ViMGA
082 0 4 _aHERgr
100 1 _aHerzig, Alison Cragin
_925073
245 1 0 _aEl gran dilema
260 _aBarcelona (EspaƱa),
_cNorma,
_c1998
300 _a101.p.
490 _aTorre de papel
650 1 4 _aANIMALES - CUENTOS INFANTILES
_920047
650 1 4 _aCUENTOS INFANTILES ESTADOUNIDENSES
_9823
650 1 4 _aPERROS - CUENTOS INFANTILES
_925074
942 _2ddc
_cBK
999 _c27158
_d27158